Rappeurs par images - Statistiques

Statistiques générales
  • Ce quiz a été pris 222 fois
    59 depuis la dernière actualisation
  • Le résultat moyen est 16 sur 33
Statistiques - réponses
Par images Réponse % Correct
2pac
85%
Eminem
83%
Central Cee
78%
Kanye West
78%
Ice Spice
76%
Niska
76%
Travis Scott
76%
Cardi B
74%
50 Cent
72%
Jay-Z
70%
Shay
70%
Snoop Dogg
70%
6ix9ine
61%
Kendrick Lamar
61%
Nicki Minaj
59%
Post Malone
57%
Lil Baby
48%
Lil Wayne
48%
Future
46%
ASAP Rocky
43%
Dababy
43%
Juice Wrld
41%
Offset
41%
Quavo
39%
21 Savage
35%
Tyga
22%
Iggy Azalea
20%
Bhad Bhabie
17%
Lil Mosey
15%
Baby Gang
11%
Rondodasosa
9%
BB Trickz
7%
Anna
2%
Aucun quiz correspondant
Distribution des résultats
% des personnes avec chaque résultat
Percentile par nombre de réponses
Votre historique - résultats
Vous n’avez pas pris ce quiz depuis la dernière actualisation